Les villes les plus pluvieuses de France - Statistiques

Statistiques générales
  • Ce quiz a été pris 32 fois
  • Le résultat moyen est 3 sur 10
Statistiques - réponses
Indice Réponse % Correct
Br Brest
86%
Bi Biarritz
55%
Be Besançon
41%
G Grenoble
34%
B Bordeaux
28%
L Limoges
28%
L Lorient
24%
BSM Bourg-Saint-Maurice
10%
T Tarbes
10%
M Montélimar
3%
Aucun quiz correspondant
Distribution des résultats
% des personnes avec chaque résultat
Percentile par nombre de réponses
Votre historique - résultats
Vous n’avez pas pris ce quiz